Traffic calming : speed cushion schemes /

Bibliographic Details
Main Author: Layfield, R. E.
Corporate Author: Transport Research Laboratory (Great Britain)
Other Authors: Parry, D. I.
Format: Book
Language:English
Published: Crowthorne, Berkshire : Transport Research Laboratory, 1998.
Series:TRL report ; no. 312.
Subjects:
Online Access:Available freely from Transport Research Laboratory (TRL) publications Repository

MARC

Tag First Indicator Second Indicator Subfields
LEADER 00000cam a2200000 a 4500
001 in00001406494
005 20231002154213.2
008 980603s1998 enka b f000 0 eng d
035 |a (OCoLC)39222112 
035 |9 AHQ3431AM 
040 |a TXA  |c TXA  |d UtOrBLW 
043 |a e-uk--- 
049 |a TXAM 
090 |a TA1057.A1  |b T755 no. 312 
100 1 |a Layfield, R. E. 
245 1 0 |a Traffic calming :  |b speed cushion schemes /  |c R.E. Layfield and D.I. Parry. 
264 1 |a Crowthorne, Berkshire :  |b Transport Research Laboratory,  |c 1998. 
300 |a iv, 51 pages :  |b illustrations (some color) ;  |c 30 cm. 
336 |a text  |b txt  |2 rdacontent 
337 |a unmediated  |b n  |2 rdamedia 
338 |a volume  |b nc  |2 rdacarrier 
490 1 |a TRL report,  |v 312 
500 |a "Prepared for Driver Information and Traffic Management Division, Department of the Environment, Transport and the Regions." 
504 |a Includes bibliographical references (pages 33-34). 
650 0 |a Roads  |x Safety appliances  |z Great Britain. 
650 0 |a Speed limits  |z Great Britain. 
700 1 |a Parry, D. I. 
710 2 |a Transport Research Laboratory (Great Britain) 
830 0 |a TRL report ;  |v no. 312. 
856 4 1 |z Available freely from Transport Research Laboratory (TRL) publications Repository  |u https://www.trl.co.uk/publications/trl312  |t 0 
948 |a o:jls 
999 |a MARS 
999 f f |s 750ab812-9de4-311a-84bc-a66e6282944c  |i 34a0e61b-3e6d-3b53-8dc1-943247a58860  |t 0 
952 f f |p ric  |a Texas A&M University  |b Rellis Campus  |c Joint Library Facility  |d Remote Storage  |t 0  |e TA1057.A1 T755 no.312  |h Library of Congress classification  |i unmediated -- volume  |m A14822018432 
998 f f |a TA1057.A1 T755 no.312  |t 0  |l Remote Storage